Томский политехнический: 20 лет спустя; Томский политехник; Вып. 17

Manylion Llyfryddiaeth
Parent link:Томский политехник: ежегодный журнал/ Томский политехнический университет (ТПУ), Ассоциация выпускников.— , 1995-
Вып. 17.— 2011.— [С. 12-31]
Prif Awdur: Чубик П. С. Петр Савельевич
Crynodeb:Заглавие с титульного листа
Электронная версия печатной публикации
Iaith:Rwseg
Saesneg
Cyhoeddwyd: 2011
Cyfres:20-летие в статусе университета
Pynciau:
Mynediad Ar-lein:http://www.lib.tpu.ru/fulltext/v/Tomsk_polytechnic/2011/N17a2.pdf
Fformat: Electronig Pennod Llyfr
KOHA link:https://koha.lib.tpu.ru/cgi-bin/koha/opac-detail.pl?biblionumber=207612

MARC

LEADER 00000nla2a2200000 4500
001 207612
005 20231031191214.0
035 |a (RuTPU)RU\TPU\book\226538 
035 |a RU\TPU\book\226535 
090 |a 207612 
100 |a 20120126d2011 km y0rusy50 ca 
101 0 |a rus  |a eng 
102 |a RU 
135 |a drnn ---uucaa 
181 0 |a i  
182 0 |a b 
200 1 |a Томский политехнический: 20 лет спустя  |b Электронный ресурс  |d Tomsk Polytechnic University 20 years later  |f П. С. Чубик 
203 |a Текст  |c электронный 
215 |a 1 файл (12.1 Мб) 
225 1 |a 20-летие в статусе университета 
230 |a Электронные текстовые данные (1 файл : 12.1 Мб) 
300 |a Заглавие с титульного листа 
300 |a Электронная версия печатной публикации 
337 |a Adobe Reader 
461 1 |0 (RuTPU)RU\TPU\book\202435  |t Томский политехник  |o ежегодный журнал  |f Томский политехнический университет (ТПУ), Ассоциация выпускников  |d 1995- 
463 1 |0 (RuTPU)RU\TPU\book\224253  |t Вып. 17  |v [С. 12-31]  |d 2011  |p 146 с. 
510 1 |a Tomsk Polytechnic University 20 years later  |z eng 
601 0 2 |a Национальный исследовательский Томский политехнический университет (ТПУ)  |c (2009- )  |2 stltpush  |3 (RuTPU)RU\TPU\col\15902 
610 1 |a профессорско-преподавательский состав 
610 1 |a инновационная инфраструктура 
610 1 |a научно-образовательные лаборатории 
610 1 |a стратегическое партнерство 
610 1 |a фундаментальные исследования 
610 1 |a экспериментальные разработки 
610 1 |a прикладные исследования 
610 1 |a оборудование 
610 1 |a комплексные программы развития 
610 1 |a управление 
610 1 |a структура 
610 1 |a события 
610 1 |a труды учёных ТПУ 
610 1 |a электронный ресурс 
700 1 |a Чубик  |b П. С.  |c российский геолог  |c профессор, ректор Томского политехнического университета ( с 2008 г.)  |f 1954-  |g Петр Савельевич  |2 stltpush  |3 (RuTPU)RU\TPU\pers\24546 
801 1 |a RU  |b 63413507  |c 20101101 
801 2 |a RU  |b 63413507  |c 20120130  |g RCR 
856 4 |u http://www.lib.tpu.ru/fulltext/v/Tomsk_polytechnic/2011/N17a2.pdf 
942 |c CF